[Event "Benidorm - Aficionados sub-2000 2014"]
[Site "Benidorm ESP"]
[Date "2014.12.06"]
[Round "9.31"]
[White "Stamenov, Valeriy"]
[Black "Morenilla Rocher, Fernando"]
[Result "1-0"]
[WhiteElo "1931"]
[BlackElo "1812"]
[PlyCount "53"]
[EventDate "2014.11.28"]
[EventType "swiss"]
[EventRounds "10"]
[EventCountry "ESP"]
[SourceTitle "Ajedrez en Madrid"]
[Source "lmi"]
[SourceDate "2014.11.28"]

1. e4 c6 2. d4 d5 3. exd5 cxd5 4. c3 Nc6 5. Bd3 e6 6. Bf4 Bd6 7. Bxd6 Qxd6 8.
Nf3 Nf6 9. O-O O-O 10. Re1 Ng4 11. Bxh7+ Kh8 12. Bc2 g6 13. h3 Nf6 14. Ne5 Kg7
15. Nd2 Rh8 16. Ndf3 Rh5 17. Re3 Nd7 18. Qe2 Ne7 19. Re1 Nf6 20. Nh2 a5 21. Qf3
Bd7 22. Nhg4 Neg8 23. Nxf6 Nxf6 24. g4 Rah8 25. gxh5 Rxh5 26. Qg2 Nh7 27. Nxf7
1-0

[Event "Benidorm - Aficionados sub-2000 2014"]
[Site "Benidorm ESP"]
[Date "2014.12.06"]
[Round "9.33"]
[White "Pastor Villalba, Arturo"]
[Black "Sanchez Moreno, Jose Carlos"]
[Result "1-0"]
[WhiteElo "1835"]
[BlackElo "1910"]
[PlyCount "57"]
[EventDate "2014.11.28"]
[EventType "swiss"]
[EventRounds "10"]
[EventCountry "ESP"]
[SourceTitle "Ajedrez en Madrid"]
[Source "lmi"]
[SourceDate "2014.11.28"]

1. d4 d6 2. c4 g6 3. Nc3 Bg7 4. e4 Nf6 5. Nge2 O-O 6. Ng3 c5 7. d5 a6 8. Bd3
Nbd7 9. Bf4 b5 10. cxb5 Nb6 11. O-O Ng4 12. Be2 Ne5 13. a4 axb5 14. axb5 Rxa1
15. Qxa1 Qc7 16. Qa2 Bb7 17. Ra1 e6 18. dxe6 c4 19. exf7+ Qxf7 20. Be3 Nbd7 21.
f4 Ra8 22. Qxa8+ Bxa8 23. Rxa8+ Nf8 24. fxe5 Bxe5 25. b6 d5 26. Nxd5 Bxb2 27.
Bxc4 Kg7 28. Ra7 Nd7 29. Bb5 1-0

[Event "Benidorm - Aficionados sub-2000 2014"]
[Site "Benidorm ESP"]
[Date "2014.12.06"]
[Round "9.34"]
[White "Kopischke, Maik"]
[Black "Lopez Heras, Arturo"]
[Result "0-1"]
[WhiteElo "1835"]
[BlackElo "1906"]
[PlyCount "46"]
[EventDate "2014.11.28"]
[EventType "swiss"]
[EventRounds "10"]
[EventCountry "ESP"]
[SourceTitle "Ajedrez en Madrid"]
[Source "lmi"]
[SourceDate "2014.11.28"]

1. d4 Nf6 2. Nf3 g6 3. Nc3 Bg7 4. e4 d6 5. Be3 O-O 6. Qd2 Nc6 7. h3 e5 8. dxe5
dxe5 9. Qxd8 Rxd8 10. Bc4 Nd4 11. O-O-O Ne8 12. a3 Be6 13. Bxe6 Nxe6 14. Rxd8
Rxd8 15. Rd1 Nd4 16. Nd2 Nd6 17. f3 a6 18. Nd5 c6 19. Nb4 Ne2+ 20. Kb1 Nc4 21.
Re1 Nxd2+ 22. Bxd2 Rxd2 23. Nd3 Nf4 0-1

[Event "Benidorm - Aficionados sub-2000 2014"]
[Site "Benidorm ESP"]
[Date "2014.12.06"]
[Round "9.36"]
[White "Rios Torondell, Jaume"]
[Black "Goodfellow, Russell Robert"]
[Result "0-1"]
[WhiteElo "1901"]
[BlackElo "1805"]
[PlyCount "54"]
[EventDate "2014.11.28"]
[EventType "swiss"]
[EventRounds "10"]
[EventCountry "ESP"]
[SourceTitle "Ajedrez en Madrid"]
[Source "lmi"]
[SourceDate "2014.11.28"]

1. e4 c5 2. Nf3 e6 3. Nc3 a6 4. a4 b6 5. Bc4 Qc7 6. Qe2 d6 7. O-O Nd7 8. d4
cxd4 9. Nxd4 Ne5 10. Bb3 Nf6 11. f4 Qc5 12. fxe5 Qxd4+ 13. Be3 Qxe5 14. Bxb6 h5
15. Be3 Ng4 16. Bf4 Qc5+ 17. Kh1 Be7 18. Qf3 Ra7 19. Bg3 Bf6 20. Rad1 Rd7 21.
e5 Bxe5 22. Ne4 Qb6 23. Nxd6+ Rxd6 24. Rxd6 Qxd6 25. Rd1 Qc7 26. Bxe5 Nxe5 27.
Qg3 O-O 0-1

[Event "Benidorm - Aficionados sub-2000 2014"]
[Site "Benidorm ESP"]
[Date "2014.12.06"]
[Round "9.38"]
[White "Martinez Hernandez, Paula"]
[Black "Kohler, Paul"]
[Result "1-0"]
[WhiteElo "1800"]
[BlackElo "1899"]
[PlyCount "81"]
[EventDate "2014.11.28"]
[EventType "swiss"]
[EventRounds "10"]
[EventCountry "ESP"]
[SourceTitle "Ajedrez en Madrid"]
[Source "lmi"]
[SourceDate "2014.11.28"]

1. e4 d6 2. d4 Nf6 3. Nc3 g6 4. f3 Bg7 5. Be3 a6 6. Qd2 b5 7. g4 Nc6 8. Nge2 b4
9. Nd5 O-O 10. Nxb4 Nxb4 11. Qxb4 Bxg4 12. fxg4 Rb8 13. Qa3 c5 14. h3 Nxe4 15.
Bg2 cxd4 16. Bxd4 e5 17. Bxe4 exd4 18. O-O d5 19. Bg2 Re8 20. Qf3 Rb7 21. Qxd5
Rd7 22. Qf3 d3 23. cxd3 Rxd3 24. Qxf7+ Kh8 25. Nf4 Rf8 26. Qxg7+ Kxg7 27. Ne6+
Kg8 28. Rxf8+ Qxf8 29. Nxf8 Kxf8 30. Rf1+ Ke7 31. Rf2 h5 32. gxh5 gxh5 33. Kh2
h4 34. Bf1 Rd6 35. Kg2 Rg6+ 36. Kf3 Rd6 37. Rg2 Rf6+ 38. Ke2 Rc6 39. Rg4 Rh6
40. Kd2 Rf6 41. Be2 1-0

[Event "Benidorm - Aficionados sub-2000 2014"]
[Site "Benidorm ESP"]
[Date "2014.12.06"]
[Round "9.40"]
[White "Gonzalez Pabollet, Jesus Maria"]
[Black "Garcia Alvarez, Javier Ii"]
[Result "1/2-1/2"]
[WhiteElo "1883"]
[BlackElo "1763"]
[PlyCount "65"]
[EventDate "2014.11.28"]
[EventType "swiss"]
[EventRounds "10"]
[EventCountry "ESP"]
[SourceTitle "Ajedrez en Madrid"]
[Source "lmi"]
[SourceDate "2014.11.28"]

1. g3 e5 2. Bg2 Nf6 3. c4 c6 4. Nf3 Qc7 5. Nc3 d6 6. d3 Be7 7. O-O O-O 8. Bg5
h6 9. Bd2 Bg4 10. Rc1 Nbd7 11. h3 Bf5 12. Nh4 Bh7 13. Bf3 Nc5 14. b4 Ne6 15.
Bg2 Qd7 16. e4 Nd4 17. Be3 g5 18. Nf3 Nxf3+ 19. Qxf3 d5 20. cxd5 cxd5 21. exd5
Bxd3 22. Rfe1 e4 23. Qd1 Bxb4 24. Nxe4 Bxe4 25. Qd4 Bxe1 26. Qxf6 Bxf2+ 27.
Bxf2 Qf5 28. Qxh6 Qg6 29. Qxg6+ Bxg6 30. d6 Rfd8 31. Bc5 Rd7 32. Rd1 a6 33. Bb6
1/2-1/2

[Event "Benidorm - Aficionados sub-2000 2014"]
[Site "Benidorm ESP"]
[Date "2014.12.06"]
[Round "9.41"]
[White "Muro Turon, Raul"]
[Black "Saifi, Mourad"]
[Result "0-1"]
[WhiteElo "1877"]
[BlackElo "1761"]
[PlyCount "44"]
[EventDate "2014.11.28"]
[EventType "swiss"]
[EventRounds "10"]
[EventCountry "ESP"]
[SourceTitle "Ajedrez en Madrid"]
[Source "lmi"]
[SourceDate "2014.11.28"]

1. e4 c5 2. c3 Nf6 3. e5 Nd5 4. d4 Nc6 5. dxc5 e6 6. Nf3 Bxc5 7. Bd3 f6 8. exf6
Nxf6 9. Bg5 O-O 10. O-O b6 11. Nbd2 Bb7 12. Ne4 Be7 13. Qe2 Qe8 14. Rad1 Nd5
15. Bb1 h6 16. Bc1 Nf4 17. Bxf4 Rxf4 18. Qd2 Rxf3 19. gxf3 Ne5 20. Kh1 Qh5 21.
Nf6+ Bxf6 22. Be4 Bxe4 0-1

[Event "Benidorm - Aficionados sub-2000 2014"]
[Site "Benidorm ESP"]
[Date "2014.12.06"]
[Round "9.45"]
[White "Martin Ferrer, Silverio"]
[Black "Diaz Benitez, Ricardo"]
[Result "0-1"]
[WhiteElo "1813"]
[BlackElo "1996"]
[PlyCount "44"]
[EventDate "2014.11.28"]
[EventType "swiss"]
[EventRounds "10"]
[EventCountry "ESP"]
[SourceTitle "Ajedrez en Madrid"]
[Source "lmi"]
[SourceDate "2014.11.28"]

1. c4 c6 2. e4 e5 3. Nf3 Nf6 4. Nc3 Bb4 5. Qc2 O-O 6. Be2 Re8 7. O-O d5 8. cxd5
cxd5 9. Nxd5 Nxd5 10. exd5 e4 11. Ne1 Qxd5 12. Qa4 Nc6 13. Nc2 Bd6 14. Qb5 Qe5
15. Qxe5 Nxe5 16. b3 Bg4 17. Bxg4 Nxg4 18. Bb2 Bxh2+ 19. Kh1 Be5 20. Bc3 Rad8
21. Rad1 Bxc3 22. dxc3 Rxd1 0-1

[Event "Benidorm - Aficionados sub-2000 2014"]
[Site "Benidorm ESP"]
[Date "2014.12.07"]
[Round "10.1"]
[White "Buiza Prieto, Eihartze"]
[Black "Bote Kobolo, Benjamin"]
[Result "0-1"]
[WhiteElo "1887"]
[BlackElo "1926"]
[PlyCount "200"]
[EventDate "2014.11.28"]
[EventType "swiss"]
[EventRounds "10"]
[EventCountry "ESP"]
[SourceTitle "Ajedrez en Madrid"]
[Source "lmi"]
[SourceDate "2014.11.28"]

1. e4 Nc6 2. Nf3 d6 3. d4 Nf6 4. Nc3 Bg4 5. Be3 a6 6. h3 Bh5 7. Be2 e6 8. O-O
Be7 9. a3 O-O 10. d5 exd5 11. exd5 Nb8 12. Nd4 Bg6 13. Bd3 Nbd7 14. Bxg6 hxg6
15. Nf3 Ne5 16. Nxe5 dxe5 17. f4 exf4 18. Rxf4 Bd6 19. Rd4 Re8 20. Rd3 Nh5 21.
Qf3 Qe7 22. Bd4 Ng3 23. Re3 Qd7 24. Rae1 Rxe3 25. Bxe3 Re8 26. Bf2 Rxe1+ 27.
Bxe1 Nf5 28. Qe4 Be7 29. Ne2 Nd6 30. Qd3 Nf5 31. Bb4 Bxb4 32. axb4 Qa4 33. g4
Qa1+ 34. Kf2 Nd6 35. b3 Qh1 36. Qf3 Qh2+ 37. Ke3 Qe5+ 38. Kd3 Qb2 39. Qe3 Qf6
40. Ng3 Nb5 41. Ne4 Qf1+ 42. Kd2 Qg2+ 43. Kd3 f5 44. gxf5 gxf5 45. Nc3 Nd6 46.
Na4 Qxd5+ 47. Ke2 Qb5+ 48. c4 Qc6 49. Nc3 Qg2+ 50. Kd3 Qg6 51. Ke2 Qf6 52. Nd5
Qf7 53. Qg5 g6 54. Nxc7 Qxc7 55. Qxg6+ Kf8 56. c5 Qe7+ 57. Kd1 Nf7 58. Qxf5
Qd8+ 59. Kc2 Qc7 60. Kc3 Ke7 61. Kd4 Kf8 62. Kd5 Qc6+ 63. Kd4 Qc7 64. Kd5 Qd8+
65. Kc4 Qe7 66. Kd5 Qe3 67. Kc4 Ke7 68. Qc8 Ne5+ 69. Kd5 Nd7 70. Kc4 b5+ 71.
Kd5 Qe6+ 72. Kd4 Qe5+ 73. Kd3 Qd5+ 74. Kc2 Qg2+ 75. Kc1 Qf1+ 76. Kc2 Qe2+ 77.
Kb1 Qe1+ 78. Ka2 Qxb4 79. Qxa6 Qxc5 80. Qg6 b4 81. Qe4+ Ne5 82. Kb2 Qc3+ 83.
Ka2 Kd6 84. Qh7 Nd3 85. Qh6+ Kd5 86. Qg5+ Ke4 87. Qg2+ Ke3 88. Qg3+ Ke2 89.
Qg2+ Nf2 90. Qg6 Kd2 91. Qg5+ Kc2 92. Qg6+ Nd3 93. Qg2+ Qd2 94. Qxd2+ Kxd2 95.
h4 Kc2 96. h5 Ne5 97. h6 Ng6 98. h7 Nh8 99. Ka1 Kxb3 100. Kb1 Ng6 0-1

[Event "Benidorm - Aficionados sub-2000 2014"]
[Site "Benidorm ESP"]
[Date "2014.12.07"]
[Round "10.2"]
[White "Karpach, Shaban"]
[Black "Boj Marques, Javier"]
[Result "1/2-1/2"]
[WhiteElo "1748"]
[BlackElo "1978"]
[PlyCount "23"]
[EventDate "2014.11.28"]
[EventType "swiss"]
[EventRounds "10"]
[EventCountry "ESP"]
[SourceTitle "Ajedrez en Madrid"]
[Source "lmi"]
[SourceDate "2014.11.28"]

1. e4 e6 2. d4 d5 3. e5 c5 4. c3 Qb6 5. Nf3 Nc6 6. Be2 Nh6 7. O-O cxd4 8. cxd4
Nf5 9. Nc3 Ncxd4 10. Nxd4 Nxd4 11. Be3 Nxe2+ 12. Qxe2 1/2-1/2

[Event "Benidorm - Aficionados sub-2000 2014"]
[Site "Benidorm ESP"]
[Date "2014.12.07"]
[Round "10.3"]
[White "Portillo Castellon, Javier"]
[Black "Blesa Fernandez, Francisco"]
[Result "0-1"]
[WhiteElo "1978"]
[BlackElo "1881"]
[PlyCount "64"]
[EventDate "2014.11.28"]
[EventType "swiss"]
[EventRounds "10"]
[EventCountry "ESP"]
[SourceTitle "Ajedrez en Madrid"]
[Source "lmi"]
[SourceDate "2014.11.28"]

1. c4 Nf6 2. d4 c6 3. Nc3 d5 4. e3 a6 5. Qc2 Bg4 6. Bd3 e6 7. Nge2 Be7 8. O-O
Bh5 9. Nf4 Bg6 10. Nxg6 hxg6 11. cxd5 exd5 12. Na4 Nbd7 13. Bd2 Bd6 14. h3 g5
15. f3 Nh5 16. e4 Nf4 17. e5 Bc7 18. Bxf4 gxf4 19. b3 Rh6 20. Rac1 Qg5 21. Kh2
Qg3+ 22. Kh1 Ke7 23. Qf2 Qg5 24. Qc2 g6 25. Qf2 Rah8 26. Nc3 Bb6 27. Na4 Rxh3+
28. gxh3 Rxh3+ 29. Qh2 Rxh2+ 30. Kxh2 Qg3+ 31. Kh1 Qh3+ 32. Kg1 Bxd4+ 0-1

[Event "Benidorm - Aficionados sub-2000 2014"]
[Site "Benidorm ESP"]
[Date "2014.12.07"]
[Round "10.4"]
[White "Westerweele, Henrik"]
[Black "Tirado Parra, Alberto"]
[Result "0-1"]
[WhiteElo "1972"]
[BlackElo "1873"]
[PlyCount "104"]
[EventDate "2014.11.28"]
[EventType "swiss"]
[EventRounds "10"]
[EventCountry "ESP"]
[SourceTitle "Ajedrez en Madrid"]
[Source "lmi"]
[SourceDate "2014.11.28"]

1. e4 d5 2. d4 dxe4 3. Nc3 Nf6 4. f3 exf3 5. Nxf3 c6 6. Bc4 Bf5 7. O-O e6 8.
Ne5 Bg6 9. g4 Nbd7 10. Nxg6 hxg6 11. g5 Qc7 12. Bf4 Bd6 13. Qf3 Bxf4 14. Qxf4
Qxf4 15. Rxf4 Nd5 16. Nxd5 cxd5 17. Bb5 Rd8 18. Raf1 a6 19. Bd3 f5 20. gxf6
gxf6 21. Bxg6+ Ke7 22. Bd3 Rdg8+ 23. Kh1 f5 24. Re1 Kf7 25. c4 Nf6 26. cxd5
Nxd5 27. Rf2 Rh4 28. Bc4 Rxd4 29. Bb3 Kf6 30. Rfe2 Nf4 31. Rf2 Rgd8 32. Ref1 e5
33. Rc2 Rd2 34. Rc7 R8d7 35. Rxd7 Rxd7 36. Rc1 Rd2 37. h4 e4 38. Rc7 e3 39. Kg1
Rg2+ 40. Kh1 e2 41. Rf7+ Ke5 42. Re7+ Kd4 43. h5 Rf2 44. h6 Rf1+ 45. Kh2 e1=Q
46. Rxe1 Rxe1 47. Bf7 Rc1 48. h7 Rc8 49. Kg3 Ke5 50. Kh4 Kf6 51. Bg8 Ng6+ 52.
Kh5 Kg7 0-1

[Event "Benidorm - Aficionados sub-2000 2014"]
[Site "Benidorm ESP"]
[Date "2014.12.07"]
[Round "10.5"]
[White "Marti Blanes, Jose Manuel"]
[Black "Esquerdo Nogueroles, Jaime"]
[Result "1-0"]
[WhiteElo "1960"]
[BlackElo "1768"]
[PlyCount "73"]
[EventDate "2014.11.28"]
[EventType "swiss"]
[EventRounds "10"]
[EventCountry "ESP"]
[SourceTitle "Ajedrez en Madrid"]
[Source "lmi"]
[SourceDate "2014.11.28"]

1. d4 d5 2. c4 c6 3. cxd5 cxd5 4. Nc3 e6 5. Nf3 f5 6. Bf4 Nf6 7. e3 Be7 8. Be2
Nc6 9. h3 O-O 10. O-O Bd7 11. Ne5 Rc8 12. Rc1 Ne4 13. Nxe4 fxe4 14. Nxd7 Qxd7
15. Qa4 Bd6 16. Bxd6 Qxd6 17. Rc5 e5 18. Rxd5 Qb4 19. Qxb4 Nxb4 20. Rxe5 Rc2
21. Bd1 Rxb2 22. Rxe4 Nxa2 23. Re7 a5 24. Bf3 b5 25. Ra1 Rd8 26. Re5 Kf8 27.
Bc6 Rb8 28. Bxb5 Nc3 29. Bd3 g6 30. Rc5 Ne2+ 31. Kf1 a4 32. Bxe2 Rb1+ 33. Rc1
Rxc1+ 34. Rxc1 a3 35. Ra1 a2 36. Bd3 Rb2 37. g3 1-0

[Event "Benidorm - Aficionados sub-2000 2014"]
[Site "Benidorm ESP"]
[Date "2014.12.07"]
[Round "10.8"]
[White "Fichtinger, Leopold"]
[Black "Martinez Perez, Pablo"]
[Result "0-1"]
[WhiteElo "1941"]
[BlackElo "1710"]
[PlyCount "72"]
[EventDate "2014.11.28"]
[EventType "swiss"]
[EventRounds "10"]
[EventCountry "ESP"]
[SourceTitle "Ajedrez en Madrid"]
[Source "lmi"]
[SourceDate "2014.11.28"]

1. c4 e5 2. Nf3 Nc6 3. d3 g6 4. Bg5 Nf6 5. Bxf6 Qxf6 6. Nc3 Nd4 7. Nd2 Bg7 8.
e3 Ne6 9. Be2 O-O 10. O-O c6 11. Qb3 Qe7 12. Rae1 f5 13. Bd1 Kh8 14. Kh1 d6 15.
Qa3 g5 16. g3 Rf6 17. d4 e4 18. d5 Nc5 19. Bc2 Rh6 20. b4 Nd7 21. dxc6 bxc6 22.
b5 Qe8 23. f4 gxf4 24. exf4 Nf6 25. Bd1 c5 26. Rf2 Bb7 27. Nf1 Qg6 28. Kg1 Ng4
29. Bxg4 Qxg4 30. Ne3 Qg6 31. Ncd5 Qf7 32. Qa5 Bd4 33. Qc7 Bxd5 34. Nxd5 Qxc7
35. Nxc7 Rc8 36. Nd5 Bxf2+ 0-1

[Event "Benidorm - Aficionados sub-2000 2014"]
[Site "Benidorm ESP"]
[Date "2014.12.07"]
[Round "10.9"]
[White "Alnami, Salaheddin"]
[Black "Abalia Patino, Aritz"]
[Result "0-1"]
[WhiteElo "1851"]
[BlackElo "1988"]
[PlyCount "80"]
[EventDate "2014.11.28"]
[EventType "swiss"]
[EventRounds "10"]
[EventCountry "ESP"]
[SourceTitle "Ajedrez en Madrid"]
[Source "lmi"]
[SourceDate "2014.11.28"]

1. e4 c5 2. Nc3 e6 3. f4 Nc6 4. Nf3 d5 5. Bb5 Nge7 6. O-O a6 7. Bxc6+ Nxc6 8.
Qe1 Be7 9. d3 O-O 10. Qg3 b5 11. Ne2 Nb4 12. Ne1 Bh4 13. Qf3 Bxe1 14. c3 Nc2
15. Rb1 Bh4 16. Bd2 d4 17. g4 Be7 18. f5 e5 19. Ng3 Bg5 20. Rbd1 Ne3 21. Bxe3
Bxe3+ 22. Kh1 Bg5 23. Nh5 Qe7 24. cxd4 cxd4 25. Rf2 a5 26. Rdf1 Ra6 27. Rc2 Bb7
28. h4 Bxh4 29. Rh2 h6 30. Qh3 Bg5 31. Rhf2 f6 32. Rc2 Rc8 33. Rff2 Rac6 34.
Qg2 Qc7 35. Rxc6 Qxc6 36. Kh2 b4 37. Qh3 Qc1 38. Qf3 Rc2 39. Rxc2 Qxc2+ 40. Kh3
Ba6 0-1

[Event "Benidorm - Aficionados sub-2000 2014"]
[Site "Benidorm ESP"]
[Date "2014.12.07"]
[Round "10.13"]
[White "Campos Gutierrez, Luis Maria"]
[Black "Moya Mallafre, Erik"]
[Result "1/2-1/2"]
[WhiteElo "1844"]
[BlackElo "1947"]
[PlyCount "39"]
[EventDate "2014.11.28"]
[EventType "swiss"]
[EventRounds "10"]
[EventCountry "ESP"]
[SourceTitle "Ajedrez en Madrid"]
[Source "lmi"]
[SourceDate "2014.11.28"]

1. d4 d6 2. e4 Nf6 3. Nc3 c6 4. f4 Qa5 5. e5 Bg4 6. Nf3 dxe5 7. fxe5 Ne4 8. Bd2
Bxf3 9. gxf3 Nxd2 10. Qxd2 e6 11. Ne4 Qxd2+ 12. Nxd2 c5 13. O-O-O Nc6 14. Bb5
O-O-O 15. Bxc6 bxc6 16. Nb3 cxd4 17. Rxd4 Be7 18. Rg1 Rxd4 19. Nxd4 Bc5 20. c3
1/2-1/2

[Event "Benidorm - Aficionados sub-2000 2014"]
[Site "Benidorm ESP"]
[Date "2014.12.07"]
[Round "10.18"]
[White "Cordomi Forns, Francesc"]
[Black "Alvarez Morales, Miguel"]
[Result "1-0"]
[WhiteElo "1865"]
[BlackElo "1979"]
[PlyCount "53"]
[EventDate "2014.11.28"]
[EventType "swiss"]
[EventRounds "10"]
[EventCountry "ESP"]
[SourceTitle "Ajedrez en Madrid"]
[Source "lmi"]
[SourceDate "2014.11.28"]

1. e4 c5 2. Nf3 d6 3. d4 Nf6 4. Nc3 cxd4 5. Nxd4 e6 6. Be2 a6 7. Be3 Be7 8. O-O
b5 9. Bf3 e5 10. Nf5 Bf8 11. Nd5 Be6 12. Bb6 Qc8 13. Nc7+ Kd7 14. Nxa8 Qb7 15.
Bc5 Bxf5 16. Nb6+ Ke8 17. exf5 e4 18. Bxe4 Nxe4 19. Be3 Nc6 20. Re1 Be7 21. Nd5
Ne5 22. Nxe7 Qxe7 23. Bf4 Nf6 24. Bxe5 dxe5 25. Qd2 h5 26. Rad1 h4 27. Rxe5 1-0

[Event "Benidorm - Aficionados sub-2000 2014"]
[Site "Benidorm ESP"]
[Date "2014.12.07"]
[Round "10.24"]
[White "Perez Garcia, Juan Angel"]
[Black "Torras Campdelacreu, Xavier"]
[Result "1-0"]
[WhiteElo "1921"]
[BlackElo "1802"]
[PlyCount "37"]
[EventDate "2014.11.28"]
[EventType "swiss"]
[EventRounds "10"]
[EventCountry "ESP"]
[SourceTitle "Ajedrez en Madrid"]
[Source "lmi"]
[SourceDate "2014.11.28"]

1. e4 c5 2. Nf3 Nc6 3. Bb5 d6 4. O-O Bd7 5. c3 e6 6. d4 cxd4 7. cxd4 Ne5 8.
Nxe5 Bxb5 9. Nxf7 Kxf7 10. Qh5+ g6 11. Qxb5 Qc7 12. Nc3 Bg7 13. Be3 h5 14. Rac1
a6 15. Qb3 Qe7 16. f4 Bh6 17. d5 exd5 18. Nxd5 Qe6 19. Rc7+ 1-0

[Event "Benidorm - Aficionados sub-2000 2014"]
[Site "Benidorm ESP"]
[Date "2014.12.07"]
[Round "10.26"]
[White "Nazarov, Alexander"]
[Black "Martinez Hernandez, Paula"]
[Result "1/2-1/2"]
[WhiteElo "1902"]
[BlackElo "1800"]
[PlyCount "76"]
[EventDate "2014.11.28"]
[EventType "swiss"]
[EventRounds "10"]
[EventCountry "ESP"]
[SourceTitle "Ajedrez en Madrid"]
[Source "lmi"]
[SourceDate "2014.11.28"]

1. d4 f5 2. g4 fxg4 3. e4 d6 4. Bc4 Nf6 5. Nc3 Nc6 6. Bg5 e5 7. Nge2 Be7 8. a3
Nxe4 9. Bxe7 Nxc3 10. Nxc3 Qxe7 11. Nd5 Qd8 12. dxe5 Nxe5 13. Qe2 c6 14. Nc3
Qe7 15. O-O-O Nxc4 16. Qxc4 Be6 17. Qf4 O-O-O 18. Rhe1 Qf7 19. Qe3 Rhe8 20.
Qxa7 Qf4+ 21. Kb1 Bf5 22. Rxe8 Rxe8 23. Qa8+ Kd7 24. Qxb7+ Kd8 25. Qxc6 Re6 26.
Nd5 Qf3 27. Qb6+ Kd7 28. Qb5+ Kd8 29. Qb8+ Kd7 30. Qb7+ Kd8 31. Rd2 Qh1+ 32.
Ka2 Qc1 33. Qc7+ Ke8 34. Qc3 Re1 35. Nc7+ Kf7 36. Rxd6 Bxc2 37. Rd7+ Kg6 38.
Qxg7+ Kh5 1/2-1/2

[Event "Benidorm - Aficionados sub-2000 2014"]
[Site "Benidorm ESP"]
[Date "2014.12.07"]
[Round "10.29"]
[White "Diaz Benitez, Ricardo"]
[Black "Trabazos Gallego, Javier"]
[Result "1-0"]
[WhiteElo "1996"]
[BlackElo "1856"]
[PlyCount "49"]
[EventDate "2014.11.28"]
[EventType "swiss"]
[EventRounds "10"]
[EventCountry "ESP"]
[SourceTitle "Ajedrez en Madrid"]
[Source "lmi"]
[SourceDate "2014.11.28"]

1. d4 Nf6 2. Bf4 e6 3. e3 c5 4. c3 Qb6 5. Qc2 Nc6 6. Na3 cxd4 7. Nc4 Qd8 8.
exd4 d5 9. Ne5 Nxe5 10. dxe5 Nd7 11. Nf3 h6 12. Be2 g5 13. Bg3 Bg7 14. h3 Qc7
15. Qa4 Ke7 16. h4 Nxe5 17. Qb4+ Ke8 18. O-O-O f6 19. hxg5 hxg5 20. Rxh8+ Bxh8
21. Nxe5 fxe5 22. Bh5+ Kd7 23. Qg4 Kc6 24. Be8+ Bd7 25. Qxe6+ 1-0

[Event "Benidorm - Aficionados sub-2000 2014"]
[Site "Benidorm ESP"]
[Date "2014.12.07"]
[Round "10.36"]
[White "Garcia Alvarez, Javier Ii"]
[Black "Fleming, Andrew S J"]
[Result "0-1"]
[WhiteElo "1763"]
[BlackElo "1928"]
[PlyCount "54"]
[EventDate "2014.11.28"]
[EventType "swiss"]
[EventRounds "10"]
[EventCountry "ESP"]
[SourceTitle "Ajedrez en Madrid"]
[Source "lmi"]
[SourceDate "2014.11.28"]

1. f4 e6 2. Nf3 Nf6 3. e3 c5 4. b3 b6 5. Be2 Bb7 6. O-O Be7 7. Bb2 O-O 8. c4
Nc6 9. Nc3 d5 10. d4 Ng4 11. Qd2 Nxe3 12. Nxd5 Nxf1 13. Nxe7+ Qxe7 14. Kxf1
cxd4 15. Nxd4 Rad8 16. Nxc6 Bxc6 17. Qc3 f6 18. Rd1 Rxd1+ 19. Bxd1 Qd6 20. Qc1
Rd8 21. Be2 Qd2 22. g3 Bg2+ 23. Kf2 Bh3 24. Kf3 Bg4+ 25. Kxg4 Qxe2+ 26. Kh3 Rd2
27. Qh1 Qh5# 0-1

[Event "Benidorm - Aficionados sub-2000 2014"]
[Site "Benidorm ESP"]
[Date "2014.12.07"]
[Round "10.39"]
[White "Tejedor Fuente, Marina"]
[Black "Gonzalez Pabollet, Jesus Maria"]
[Result "1/2-1/2"]
[WhiteElo "1540"]
[BlackElo "1883"]
[PlyCount "28"]
[EventDate "2014.11.28"]
[EventType "swiss"]
[EventRounds "10"]
[EventCountry "ESP"]
[SourceTitle "Ajedrez en Madrid"]
[Source "lmi"]
[SourceDate "2014.11.28"]

1. e4 d5 2. exd5 Qxd5 3. Nc3 Qa5 4. Nf3 Nf6 5. Bc4 Bg4 6. O-O e6 7. d4 Nc6 8.
Bb5 Be7 9. Qd3 Bxf3 10. Qxf3 Qb6 11. d5 exd5 12. Nxd5 Nxd5 13. Qxd5 O-O 14. Be3
Nb4 1/2-1/2

[Event "Benidorm - Aficionados sub-2000 2014"]
[Site "Benidorm ESP"]
[Date "2014.12.07"]
[Round "10.44"]
[White "Sanchez Moreno, Jose Carlos"]
[Black "Garcia Martin, Juan Manuel"]
[Result "1-0"]
[WhiteElo "1910"]
[BlackElo "1790"]
[PlyCount "32"]
[EventDate "2014.11.28"]
[EventType "swiss"]
[EventRounds "10"]
[EventCountry "ESP"]
[SourceTitle "Ajedrez en Madrid"]
[Source "lmi"]
[SourceDate "2014.11.28"]

1. Nf3 d5 2. b3 Nf6 3. Bb2 b6 4. e3 Bb7 5. d4 e6 6. Bd3 c5 7. O-O Nbd7 8. Nbd2
Be7 9. Ne5 Rc8 10. f4 Ne4 11. Nxe4 dxe4 12. Bb5 Rc7 13. dxc5 a6 14. Bxd7+ Rxd7
15. Nxd7 Qxd7 16. Qxd7+ Kxd7 1-0

[Event "Benidorm - Aficionados sub-2000 2014"]
[Site "Benidorm ESP"]
[Date "2014.12.07"]
[Round "10.46"]
[White "Moreno Vicente, Jesus Miguel"]
[Black "Navascues Zabaleta, Jesus"]
[Result "1-0"]
[WhiteElo "1900"]
[BlackElo "1771"]
[PlyCount "46"]
[EventDate "2014.11.28"]
[EventType "swiss"]
[EventRounds "10"]
[EventCountry "ESP"]
[SourceTitle "Ajedrez en Madrid"]
[Source "lmi"]
[SourceDate "2014.11.28"]

1. d4 Nf6 2. c4 e5 3. dxe5 Ng4 4. Bf4 Nc6 5. Nf3 Bb4+ 6. Nbd2 Qe7 7. e3 Ngxe5
8. Nxe5 Nxe5 9. a3 Bxd2+ 10. Qxd2 d6 11. Be2 O-O 12. O-O a5 13. b4 b6 14. Rac1
Bb7 15. Qc3 Nd7 16. Bd3 Ra7 17. Bf5 Rfa8 18. Bxd7 Qxd7 19. c5 axb4 20. axb4
bxc5 21. bxc5 Ra3 22. c6 Qe8 23. cxb7 Rxc3 1-0

[Event "Benidorm - Aficionados sub-2000 2014"]
[Site "Benidorm ESP"]
[Date "2014.12.07"]
[Round "10.47"]
[White "Kohler, Paul"]
[Black "Orube Bona, Andoni"]
[Result "0-1"]
[WhiteElo "1899"]
[BlackElo "1764"]
[PlyCount "52"]
[EventDate "2014.11.28"]
[EventType "swiss"]
[EventRounds "10"]
[EventCountry "ESP"]
[SourceTitle "Ajedrez en Madrid"]
[Source "lmi"]
[SourceDate "2014.11.28"]

1. Nf3 Nf6 2. c4 e6 3. g3 b6 4. Bg2 Bb7 5. d4 Be7 6. O-O O-O 7. d5 exd5 8. Nh4
c6 9. Nf5 Ne4 10. cxd5 cxd5 11. Nc3 Nxc3 12. bxc3 Bc5 13. Bxd5 Bxd5 14. Qxd5
Nc6 15. Bf4 Ne7 16. Qe5 Nxf5 17. Qxf5 Qe7 18. e3 Qe6 19. Qh5 d6 20. Rfd1 h6 21.
h4 f5 22. Qf3 Rad8 23. Rd5 Qf6 24. e4 fxe4 25. Qxe4 Qxc3 26. Rad1 Rfe8 0-1